01072nam0a22002651 4500001001100000005001700011021001900028035002600047100004100073101000800114102000700122105001800129200007400147210007300221215003400294300008800328320003500416606008800451606007600539606007800615700005200693801001800745801002200763852002100785rc\394735520250611033309.0 aRUb[48-17035] a(NLR Aleph) 008042176 a20130415d1948 |||y0rusy50 ca0 arus aRU aab z |||||1 aЗасуха и борьба с ней в степи Украины a[Одесса]cОдес. обл. изд-воd1948gОбл. тип. a162 с.cил., карт.d25 aПеред загл. авт.: проф. А.А. Вербин, д-р с.-х. наук aБиблиогр.: с. 159-161 aАгротехникаyСтепная зона Украинской ССР2psbo aПочвыyСтепная зона Украинской ССР2psbo aЗасухаyСтепная зона Украинской ССР2psbo 1aВербинbА.А.gАким Акимович 0aRUbNLRgpsbo 1aRUbELAR2rusmarc aNLRjС30 Г-7/6